000 01033nam a2200241Ia 4500
005 20240718142630.0
008 130821s2008 ck ao gr spa
020 _a978 958 701 976 6
040 _aCo-BoUCM
_bspa
_cSandra Yazo (modificó)
_dSandra Yazo (modificó)
041 0 0 _aspa
082 0 4 _a729.24
_220
100 1 _aGómez, Luz Mariela
_9143218
245 1 0 _aTres ideas de lo moderno en la concepción del hogar Bogotá años cincuenta
_cLuz Mariela Gómez
260 _aBogotá (Colombia)
_bUniversidad Nacional de Colombia
_c2008
300 _a215 páginas
_bilustraciones, fotografías
490 _aPunto aparte
650 _aArquitectura doméstica
_zBogotá (Colombia)
_ySiglo XX
_99401
650 _aArquitectura
_97290
650 _aDecoración de interiores
_zBogotá (Colombia)
_ySiglo XX
_912503
650 _aVivienda
_xArquitectura
_zBogotá (Colombia)
_ySiglo XX
_926342
710 1 _aUniversidad Nacional de Colombia
_bFacultad de Artes.
_9141804
942 _cLIBRO
_a17
_e1
_mG569t
_2DEWEY
_h729.24
999 _c73685
_d73685